000 00294nam a22001337a 4500
003 SGT
082 _aJAI 510
100 _aJAIN,M.L
245 _aALGEBRA (B.A/B.Sc SEM.-1)
260 _aNEW DELHI
_bJEEVAN SONS
_c2016
300 _aV.P.
650 _aMATHEMATICS, ALGEBRA
942 _2ddc
_cFPS
_08
999 _c10190
_d10190